000 00168nam a2200073Ia 4500
008 170620s9999 xx 000 0 und d
100 _aBegum
245 0 _aQUALITY CONCERNS IN TEACHER
260 _bAPH PU
999 _c26241
_d26241